| 000 | 01346nam a2200121Ia 4500 | ||
|---|---|---|---|
| 008 | 220615s9999||||xx |||||||||||||| ||und|| | ||
| 100 | _aGariboldi, Elisabetta||Spigarelli, Stefano | ||
| 245 | 0 | _aCreep and High Temperature Deformation of Metals and Alloys | |
| 546 | _aEnglish[eng] | ||
| 650 | _aLarson–Miller parameter||n/a||visualization||bond coat||hydrogen||poly-crystal||Gibbs free energy principle||constitutive equations||creep damage||DFT||finite element method||austenitic stainless steel||strain rate sensitivity||MCrAlY||excess volume||superalloy||scanning electron microscopy||creep buckling||dislocation dynamics||creep||elevated temperature||modelling||size effect||residual stress||superalloy VAT 32||water vapor||activation energy||small angle neutron scattering||superalloy VAT 36||metallic glass||iron aluminides||Gr.91||internal stress||relaxation fatigue||multiaxiality||creep grain boundary||grain boundary cavitation||cavitation||solute atom||stress exponent||external pressure||P92||TMA||low cycle fatigue||nanoindentation||high temperature||FEM||intrinsic ductility||normalizing||creep ductility||creep rupture mechanism||microstructural features||simulate HAZ||P92 steel||glide||ferritic–martensitic steel||creep rupture||cyclic softening | ||
| 856 | _uhttps://mdpi.com/books/pdfview/book/1887 | ||
| 942 | _cEB | ||
| 999 |
_c19178 _d19178 |
||